| 000 | 00698nam a2200193 a 4500 | ||
|---|---|---|---|
| 001 | 000038028 | ||
| 005 | 20240508073817.0 | ||
| 008 | 130312s2012 dr a 000 0 spa d | ||
| 020 | _a9789945074567 | ||
| 040 |
_aDO-SdBNP _bspa _cBNPHU |
||
| 100 | 1 |
_aAbad, José Ramón _964428 |
|
| 245 | 1 | 0 |
_aEconomía, agricultura y producción / _cJosé Ramón Abad ; editor Andrés Blanco Díaz. |
| 260 |
_aSanto Domingo : _bArchivo General de la Nación, _c2012. |
||
| 300 |
_a572 p. : _bil. ; _c24 cm. |
||
| 490 | 1 |
_aArchivo General de la Nación _vv. 165 |
|
| 500 | _aIncluye datos biográficos del autor en las solapas | ||
| 500 | _aIncluye índice onomástico | ||
| 700 | 1 |
_aBlanco Díaz, Andrés _eed. _9172 |
|
| 999 |
_c37518 _d37518 |
||